000 00380nam a2200133 i 4500
001 bg
100 1 _aPACHOWSKI, Jan
245 0 _aPopioły lotne i ich zastosowanie w budownictwie drogowym /
_cJan Pachowski.
260 _aWarszawa :
_bWydawnictwa Komunikacji i Łączności,
_c1976.
040 _cBPK
041 _apol
942 _cKS
008 s pl f |000 0 pol
999 _c27558
_d27558
856 _uhttp://koha.tu.koszalin.pl/cgi-bin/koha/opac-detail.pl?biblionumber=27558
_yKatalog online BPK